| 000 | 00410cam a2200169ua 4500 | ||
|---|---|---|---|
| 003 | OSt | ||
| 008 | 240323b |||||||| |||| 00| 0 eng d | ||
| 041 | _aeng | ||
| 082 |
_a925.08 _bFEL/SC |
||
| 100 |
_aFeldman, anthony . _96179 |
||
| 245 | _aScientists and inventors / | ||
| 250 | _a1 / | ||
| 260 |
_aNew York : _bFaets on file , _c1986. |
||
| 300 | _a352 ; . | ||
| 700 | 1 |
_aFord, Peter _96180 |
|
| 942 | _cBK | ||
| 999 |
_c3231 _d3231 |
||